00566nam a2200157 450000500170000000800170001702000180003404000680005208200210012010000300014124500910017126000440026230000490030649000300035565000230038520260327225535.02022 639-1 18-21 a9789929544673 aBiblioteca LadoV TeoréticacBiblioteca LadoV Teoréticaerda04a704.949126bO6681 aOrellana Pineda, Wilfredo10aMonstraciones :bSociopoéticas, arte y haceres humanoscpor Wilfredo Orellana Pineda aGuatemalabEditorial Cara Parens c2022 a105 páginasbalgunas fotografías a color0 aColección Monografías14aArte y filosofía